书目信息 |
| 题名: |
比较现代化论
|
|
| 作者: | 武田清子 著 ;王炜 译 | |
| 分册: | ||
| 出版信息: | 长春 吉林人民出版社 2005 |
|
| 页数: | 154页 | |
| 开本: | 20cm | |
| 丛书名: | 日本文化与现代化丛书 | |
| 单 册: | ||
| 中图分类: | F131.341 | |
| 科图分类: | ||
| 主题词: | 现代化--研究--日本 , 现代化 | |
| 电子资源: | ||
| ISBN: | 7-206-00964-6 | |
| 000 | 00895oam2 2200289 45 | |
| 001 | 012006061301 | |
| 005 | 20070708150737.35 | |
| 010 | @a7-206-00964-6@dCNY12.50 | |
| 092 | @aCN@b475015 | |
| 100 | @a20060613d2005 em y0chiy0120 ea | |
| 101 | 1 | @achi@cjpn |
| 102 | @aCN@b220000 | |
| 105 | @ay z 000yy | |
| 200 | 1 | @a比较现代化论@9bi jiao xian dai hua lun@f(日)武田清子[等]著@g王炜[等]译 |
| 205 | @a2版 | |
| 210 | @a长春@c吉林人民出版社@d2005 | |
| 215 | @a154页@d20cm | |
| 225 | 2 | @a日本文化与现代化丛书 |
| 330 | @a本书主要内容:比较现代化论的视点与方法、现代化的价值意识、现代化的模糊性、现代化论的视角等。 | |
| 461 | 0 | @12001 @a日本文化与现代化丛书 |
| 606 | 0 | @a现代化@x研究@y日本 |
| 606 | 0 | @a现代化 |
| 690 | @aF131.341@v4 | |
| 701 | 0 | @a武田清子@9wu tian qing zi@4著 |
| 702 | 0 | @a王炜@9wang wei@4译 |
| 801 | 0 | @aCN@bLZJBOOK@c20070708 |
| 905 | @a10447@dF131.341@e147=2 | |
| 比较现代化论/(日)武田清子[等]著/王炜[等]译.-2版.-长春:吉林人民出版社,2005 |
| 154页;20cm.-(日本文化与现代化丛书) |
| ISBN 7-206-00964-6:CNY12.50 |
| 本书主要内容:比较现代化论的视点与方法、现代化的价值意识、现代化的模糊性、现代化论的视角等。 |
| ● |
| 相关链接 |
|
|
|
|
正题名:比较现代化论
索取号:F131.341/147=2
 
预约/预借
| 序号 | 登录号 | 条形码 | 馆藏地/架位号 | 状态 | 备注 |
| 1 | 0556757 | 205567572 | 第一样本阅览室/ [索取号:F131.341/147=2] | 在馆 | |
| 2 | 0556758 | 205567581 | 第一借阅区/ [索取号:F131.341/147=2] | 在馆 | |
| 3 | 0556759 | 205567590 | 第一借阅区/ [索取号:F131.341/147=2] | 在馆 | |
| 4 | 0556760 | 205567607 | 第一借阅区/ [索取号:F131.341/147=2] | 在馆 | |
| 5 | 0556761 | 205567616 | 第一借阅区/ [索取号:F131.341/147=2] | 在馆 | |
| 6 | 0556762 | 205567625 | 第一借阅区/ [索取号:F131.341/147=2] | 在馆 | |
| 7 | 0556763 | 205567634 | 第一借阅区/ [索取号:F131.341/147=2] | 在馆 | |
| 8 | 0556764 | 205567643 | 第一借阅区/ [索取号:F131.341/147=2] | 在馆 |